| 000 | 00312nam a22001217a 4500 | ||
|---|---|---|---|
| 020 | _a9789993677109 | ||
| 082 |
_222 _a392.36088 |
||
| 100 | _aNA | ||
| 245 | _aDrametse ngacham ./ | ||
| 260 |
_aBhutan, _bInstitute of language and culture studies, _cc2009. |
||
| 300 |
_a129 p. ; _bill. ; _c20 cm. |
||
| 942 |
_2ddc _cRE _02 |
||
| 999 |
_c3872 _d3872 |
||